Statistics for Fairy Tail Members

Click here to take the quiz!

General Stats

  • This quiz has been taken 1,780 times
  • The average score is 15 of 18

Answer Stats

HintAnswer% Correct
DragneelNatsu
100%
ScarletErza
99%
HeartfiliaLucy
99%
FullbusterGray
98%
MarvellWendy
91%
StraussMirajane
89%
StraussElfman
88%
RedfoxGajeel
86%
DreyarLaxus
85%
McgardenLevy
84%
AlberonaCana
83%
StraussLisanna
81%
DreyarMakarov
80%
LockserJuvia
79%
CliveGildarts
63%
JustineFreed
58%
Mulan or ConnellBisca
52%
ConnellAlzack
45%

Score Distribution

Percentile by Number Answered

Percent of People with Each Score

Your Score History

You have not taken this quiz